000 00369nam a2200169Ia 4500
001 11644
005 20260306162843.0
008 260306t9999||||xx |||||||||||||| ||spa||
041 _aESP
082 _a985.612
_bM26
100 _aMartorell, Alberto
_eAUT
245 0 _aMachu Picchu
300 _a
_c
650 _aGEN
654 _aCHU
942 _cLIB
_dJUS
_fJUS
_2ddc
_n
999 _c11644
_d11644